00340nam a2200121 a 450000500170000000800410001702000180005805000180007610000190009424500580011326000320017130000150020320140414132015.0040128s19uu xx 00 eng d a1-57064-023-8 aTRbB11P 1994 aWhite, Stephen aBarney says, "Please and thank you" /cStephen White. aU.S.A :bScholastic,c1994. ap. ; cm.